[Event "70.Prov PD e Monselice"]
[Site "Padova ITA"]
[Date "2010.01.15"]
[Round "1.6"]
[White "Scoonhoven, Edgar"]
[Black "Baybusinov, Izat"]
[Result "1-0"]
[WhiteElo "1859"]
[BlackElo "1467"]
[Annotator "Gabriele Ballarin"]
[PlyCount "101"]
[EventDate "2010.01.15"]
[EventType "swiss"]
[EventCountry "ITA"]

1. d4 Nf6 2. Nf3 g6 3. c4 Bg7 4. Nc3 O-O 5. e4 d6 6. Be2 c5 7. O-O Nbd7 8. d5 e6 9. dxe6 fxe6 10. Qxd6 Qb6 11. Qxb6 axb6 12. Rd1 Ng4 13. h3 Nge5 14. Nxe5 Nxe5 15. Be3 Rf7 16. Rd6 Nc6 17. Rd2 Nd4 18. Bf1 Bd7 19. Ne2 e5 20. Nc3 Bf8 21. Bxd4 cxd4 22. Nd5 Bh6 23. Rdd1 Raf8 24. f3 b5 25. cxb5 Be6 26. Bc4 Rc8 27. b3 Kf8 28. a4 Bxd5 29. Bxd5 Rfc7 30. a5 Rb8 31. Ra4 Be3+ 32. Kh1 b6 33. a6 Ra7 34. Rc4 Ke7 35. Rc6 Kd8 36. g3 Rc8 37. Rxb6 d3 38. Rc6 Rxc6 39. Bxc6 d2 40. Kg2 Kc7 41. Kf1 Kb6 42. Ke2 Bh6 43. f4 exf4 44. Rxd2 fxg3 45. Rd3 Bf4 46. Kf1 h5 47. h4 Rg7 48. Kg2 Bc7 49. b4 g5 50. a7 Kxa7 51. Ra3+ 1-0

[Event "70.Prov PD e Monselice"]
[Site "Padova ITA"]
[Date "2010.02.15"]
[Round "1.7"]
[White "Castaldini, Marzia"]
[Black "Rosina, Graziano"]
[Result "0-1"]
[WhiteElo "1440"]
[BlackElo "1827"]
[Annotator "Gabriele Ballarin"]
[PlyCount "66"]
[EventDate "2010.01.15"]
[EventType "swiss"]
[EventCountry "ITA"]

1. e4 e5 2. Nf3 Nf6 3. d4 Nxe4 4. dxe5 d5 5. exd6 Nxd6 6. Nc3 Be7 7. Be2 O-O 8. h3 Nc6 9. O-O Bf5 10. a3 Bf6 11. Nb5 Re8 12. c3 a6 13. Nxd6 Qxd6 14. Be3 Qe7 15. Qc1 Na5 16. Nd2 Bg5 17. b4 Bxe3 18. fxe3 Qxe3+ 19. Rf2 Nc6 20. Nf1 Qxc1 21. Rxc1 Bg6 22. Rd1 Rad8 23. Rxd8 Rxd8 24. g4 Bd3 25. Ng3 Bxe2 26. Nxe2 Rd3 27. h4 Ne5 28. Rf4 Nf3+ 29. Kf2 Nxh4 30. g5 Ng6 31. Rd4 Rxd4 32. Nxd4 Ne5 33. Ke3 Nc4+ 0-1

[Event "70.Prov PD e Monselice"]
[Site "Padova ITA"]
[Date "2010.01.16"]
[Round "2.1"]
[White "Occari, Maurizio"]
[Black "Scoonhoven, Edgar"]
[Result "1-0"]
[WhiteElo "2034"]
[BlackElo "1859"]
[Annotator "Gabriele Ballarin"]
[PlyCount "75"]
[EventDate "2010.01.15"]
[EventType "swiss"]
[EventCountry "ITA"]

1. e4 c5 2. f4 d5 3. exd5 Nf6 4. Bb5+ Bd7 5. Bxd7+ Qxd7 6. c4 e6 7. dxe6 Qxe6+ 8. Qe2 Nc6 9. Qxe6+ fxe6 10. Nf3 Nb4 11. Na3 Nd3+ 12. Kf1 Bd6 13. g3 O-O-O 14. Kg2 Bb8 15. Rd1 Rhe8 16. Nc2 e5 17. f5 e4 18. Nfe1 Be5 19. Nxd3 Rxd3 20. Rb1 Red8 21. Re1 h5 22. Ne3 Bd4 23. h3 a6 24. b4 cxb4 25. Rxb4 Bc5 26. Rb3 Rxb3 27. axb3 Rd3 28. Nd5 Nxd5 29. cxd5 Rxb3 30. Rxe4 b5 31. Re6 Kb7 32. d6 Rd3 33. Re7+ Kc6 34. Rc7+ Kb6 35. Rxg7 Bxd6 36. f6 b4 37. f7 b3 38. Rg6 1-0

[Event "70.Prov PD e Monselice"]
[Site "Padova ITA"]
[Date "2010.01.16"]
[Round "2.2"]
[White "Rosina, Graziano"]
[Black "Temporin, Alberto"]
[Result "1-0"]
[WhiteElo "1827"]
[BlackElo "2000"]
[Annotator "Gabriele Ballarin"]
[PlyCount "143"]
[EventDate "2010.01.15"]
[EventType "swiss"]
[EventCountry "ITA"]

1. Nf3 Nf6 2. c4 c6 3. g3 d5 4. Qa4 e6 5. Bg2 Nbd7 6. d3 Be7 7. O-O O-O 8. cxd5 cxd5 9. Nc3 Nc5 10. Qc2 b6 11. Be3 Bb7 12. Bxc5 Bxc5 13. d4 Be7 14. Rfc1 Rc8 15. Qd1 Bb4 16. Ne5 Bxc3 17. Rxc3 Rxc3 18. bxc3 Qc7 19. c4 dxc4 20. Bxb7 Qxb7 21. Nxc4 Qd5 22. Ne5 Rc8 23. Rc1 Qb7 24. Rxc8+ Qxc8 25. e3 Qb7 26. f3 g6 27. e4 b5 28. Qc2 Qb6 29. Qc5 Qxc5 30. dxc5 Ne8 31. Nc6 a6 32. Nb8 Nc7 33. Nd7 f5 34. e5 Kf7 35. c6 Ke7 36. Nc5 a5 37. Kf2 a4 38. Ke1 Kd8 39. Kd2 Kc8 40. h4 Kb8 41. g4 Ka7 42. Nd7 Nd5 43. Nf8 Ne7 44. c7 Kb7 45. Nxe6 fxg4 46. fxg4 Nc6 47. Nf8 Nxe5 48. Nxh7 Nf3+ 49. Kc3 Kxc7 50. h5 gxh5 51. gxh5 Ne5 52. Nf6 Kb6 53. h6 Ka5 54. h7 Ng6 55. Nd5 Nh8 56. a3 Ng6 57. Nb4 Kb6 58. Kd4 Nh8 59. Kd5 Ng6 60. Kd6 Nh8 61. Nd5+ Kb7 62. Kc5 Kc8 63. Kxb5 Kd7 64. Kxa4 Ke6 65. Nc7+ Kf7 66. Kb5 Kg7 67. a4 Nf7 68. a5 Nd6+ 69. Kc6 Nc8 70. Ne8+ Kxh7 71. Nd6 Ne7+ 72. Kb7 1-0

[Event "70.Prov PD e Monselice"]
[Site "Padova ITA"]
[Date "2010.01.16"]
[Round "2.3"]
[White "Biagini, Leonardo"]
[Black "De Marchi, Alessandro"]
[Result "1-0"]
[WhiteElo "1963"]
[BlackElo "1630"]
[Annotator "Gabriele Ballarin"]
[PlyCount "53"]
[EventDate "2010.01.15"]
[EventType "swiss"]
[EventCountry "ITA"]

1. e4 c5 2. Nf3 d6 3. Bb5+ Nd7 4. Nc3 a6 5. Bxd7+ Qxd7 6. d3 Qg4 7. O-O e6 8. Ne2 e5 9. c3 h6 10. Ng3 Nf6 11. d4 cxd4 12. cxd4 Qe6 13. b3 Be7 14. Ba3 g6 15. Rc1 O-O 16. Rc7 Bd8 17. dxe5 Bxc7 18. exf6 Qxf6 19. Qc1 Bb6 20. Bb2 Qe7 21. Qxh6 f6 22. Qxg6+ Kh8 23. Qh6+ Kg8 24. Nh5 Bd8 25. Qg6+ Kh8 26. Ng5 Bg4 27. Nxf6 1-0

[Event "70.Prov PD e Monselice"]
[Site "Padova ITA"]
[Date "2010.01.16"]
[Round "2.5"]
[White "Zanirato, Stefano"]
[Black "Calicchia, Giovanni"]
[Result "1/2-1/2"]
[WhiteElo "1918"]
[BlackElo "1886"]
[Annotator "Gabriele Ballarin"]
[PlyCount "80"]
[EventDate "2010.01.15"]
[EventType "swiss"]
[EventCountry "ITA"]

1. e4 c5 2. Nf3 Nc6 3. Bb5 Qc7 4. O-O Nf6 5. Nc3 e6 6. Bxc6 Qxc6 7. e5 Nd5 8. Ne2 a6 9. d3 Be7 10. c4 Nc7 11. Ng3 d5 12. Bg5 Bxg5 13. Nxg5 h6 14. Nh3 g6 15. Qf3 b6 16. Qf6 O-O 17. Qh4 Kg7 18. Qg4 Kh7 19. Nf4 Bb7 20. f3 Rad8 21. h4 Qd7 22. h5 g5 23. Nfe2 f5 24. exf6 Rxf6 25. f4 Rg8 26. fxg5 Rxg5 27. Qh3 Qf7 28. Rxf6 Qxf6 29. Rf1 Qg7 30. cxd5 Bxd5 31. Ne4 Bxe4 32. dxe4 Nb5 33. Rf2 Nd4 34. Nxd4 Qxd4 35. Qxe6 Qd1+ 36. Rf1 Qd4+ 37. Rf2 Qd1+ 38. Rf1 Qd4+ 39. Rf2 Qd1+ 40. Rf1 Qd4+ 1/2-1/2

[Event "70.Prov PD e Monselice"]
[Site "Padova ITA"]
[Date "2010.01.16"]
[Round "2.6"]
[White "Simonetto, Adriano"]
[Black "Meggiorin, Orlando"]
[Result "1/2-1/2"]
[WhiteElo "1491"]
[BlackElo "1826"]
[Annotator "Gabriele Ballarin"]
[PlyCount "56"]
[EventDate "2010.01.15"]
[EventType "swiss"]
[EventCountry "ITA"]

1. d4 Nf6 2. c4 e6 3. Nc3 Bb4 4. a3 Bxc3+ 5. bxc3 Ne4 6. Qc2 d5 7. e3 O-O 8. Bd3 f5 9. Ne2 Nd7 10. O-O c6 11. a4 Qh4 12. f3 Nef6 13. g3 Qh5 14. Nf4 Qf7 15. e4 dxe4 16. fxe4 g6 17. Ba3 Re8 18. exf5 exf5 19. Rae1 Nf8 20. Qb1 Ne6 21. Rf2 Nxf4 22. Rxe8+ Qxe8 23. gxf4 Qf7 24. Qe1 Be6 25. Re2 Re8 26. h3 Nh5 27. Bd6 Qd7 28. c5 Nf6 1/2-1/2

[Event "70.Prov PD e Monselice"]
[Site "Padova ITA"]
[Date "2010.01.16"]
[Round "2.7"]
[White "Fracasso Pezzolato, Michele"]
[Black "Castaldini, Marzia"]
[Result "1-0"]
[WhiteElo "1789"]
[BlackElo "1440"]
[Annotator "Gabriele Ballarin"]
[PlyCount "55"]
[EventDate "2010.01.15"]
[EventType "swiss"]
[EventCountry "ITA"]

1. e4 c6 2. d4 d5 3. Nc3 dxe4 4. Nxe4 Bf5 5. Ng3 Bg6 6. f4 h6 7. Nf3 Nd7 8. Bc4 e6 9. O-O Bd6 10. Re1 Qf6 11. Ne5 O-O-O 12. c3 Nb6 13. Be2 Ne7 14. c4 Bb4 15. Rf1 c5 16. Qb3 Rxd4 17. Be3 Rd6 18. a3 Bd2 19. Bxc5 Rdd8 20. Bxb6 axb6 21. Qxb6 Qh4 22. Bf3 Nc6 23. Nxc6 Bxf4 24. Nxd8 Bc7 25. Qxb7+ Kxd8 26. Rad1+ Ke7 27. Qxc7+ Kf6 28. Bg4+ 1-0

[Event "70.Prov PD e Monselice"]
[Site "Padova ITA"]
[Date "2010.01.16"]
[Round "3.1"]
[White "Binder, Andrea"]
[Black "Occari, Maurizio"]
[Result "1/2-1/2"]
[WhiteElo "1866"]
[BlackElo "2034"]
[Annotator "Gabriele Ballarin"]
[PlyCount "39"]
[EventDate "2010.01.15"]
[EventType "swiss"]
[EventCountry "ITA"]

1. Nf3 c5 2. g3 Nc6 3. Bg2 g6 4. O-O Bg7 5. d3 e5 6. e4 Nge7 7. Re1 O-O 8. Nbd2 d6 9. a4 f5 10. Nc4 h6 11. Ne3 f4 12. Nd5 g5 13. Nd2 g4 14. f3 h5 15. c3 Ng6 16. Rf1 fxg3 17. hxg3 h4 18. fxg4 hxg3 19. Rxf8+ Qxf8 20. Qe1 1/2-1/2

[Event "70.Prov PD e Monselice"]
[Site "Padova ITA"]
[Date "2010.01.16"]
[Round "3.2"]
[White "Rosina, Graziano"]
[Black "Biagini, Leonardo"]
[Result "1/2-1/2"]
[WhiteElo "1827"]
[BlackElo "1963"]
[Annotator "Gabriele Ballarin"]
[PlyCount "25"]
[EventDate "2010.01.15"]
[EventType "swiss"]
[EventCountry "ITA"]

1. Nf3 Nf6 2. c4 e6 3. Nc3 d5 4. d4 Be7 5. Bf4 O-O 6. e3 b6 7. Bd3 Bb7 8. O-O c5 9. dxc5 Bxc5 10. Qe2 dxc4 11. Bxc4 Nd5 12. Nxd5 Bxd5 13. Bxd5 1/2-1/2

[Event "70.Prov PD e Monselice"]
[Site "Padova ITA"]
[Date "2010.01.16"]
[Round "3.3"]
[White "Temporin, Alberto"]
[Black "Cesaro, Samuele"]
[Result "1-0"]
[WhiteElo "2000"]
[BlackElo "1350"]
[Annotator "Gabriele Ballarin"]
[PlyCount "37"]
[EventDate "2010.01.15"]
[EventType "swiss"]
[EventCountry "ITA"]

1. e4 d5 2. exd5 c6 3. d4 Nf6 4. Nf3 Bf5 5. dxc6 Nxc6 6. c3 Qb6 7. Bd3 Bxd3 8. Qxd3 Rd8 9. Qe2 Rd5 10. O-O h6 11. Be3 Ng4 12. Na3 g5 13. h3 h5 14. hxg4 hxg4 15. Nxg5 Nxd4 16. Bxd4 Rxd4 17. cxd4 Qh6 18. Qb5+ Kd8 19. Nxf7+ 1-0

[Event "70.Prov PD e Monselice"]
[Site "Padova ITA"]
[Date "2010.01.16"]
[Round "3.4"]
[White "De Marchi, Alessandro"]
[Black "Zanirato, Stefano"]
[Result "0-1"]
[WhiteElo "1630"]
[BlackElo "1918"]
[Annotator "Gabriele Ballarin"]
[PlyCount "76"]
[EventDate "2010.01.15"]
[EventType "swiss"]
[EventCountry "ITA"]

1. d4 e5 2. dxe5 Nc6 3. Nf3 Qe7 4. Nc3 Nxe5 5. Nxe5 Qxe5 6. h3 c6 7. f4 Qc7 8. e4 d6 9. Bc4 Nf6 10. a3 b5 11. Be2 Bb7 12. O-O a5 13. Bf3 Be7 14. Qe1 O-O 15. Be3 b4 16. Nb1 c5 17. Nd2 Nd7 18. Nc4 Ba6 19. b3 Bxc4 20. bxc4 Rab8 21. Qd1 bxa3 22. Rxa3 Rb4 23. c3 Rb2 24. Bc1 Rb1 25. Qc2 Rbb8 26. Qa2 Bf6 27. Rxa5 Bxc3 28. Ra7 Bd4+ 29. Kh2 Rb7 30. Rxb7 Qxb7 31. e5 Qc7 32. exd6 Qxd6 33. Rd1 Qf6 34. Qa7 Rd8 35. Qc7 Nf8 36. Bb2 Ne6 37. Bxd4 cxd4 38. g3 Nxc7 0-1

[Event "70.Prov PD e Monselice"]
[Site "Padova ITA"]
[Date "2010.01.16"]
[Round "3.5"]
[White "Scoonhoven, Edgar"]
[Black "Fracasso Pezzolato, Michele"]
[Result "1-0"]
[WhiteElo "1859"]
[BlackElo "1789"]
[Annotator "Gabriele Ballarin"]
[PlyCount "51"]
[EventDate "2010.01.15"]
[EventType "swiss"]
[EventCountry "ITA"]

1. d4 f5 2. c4 g6 3. g3 Bg7 4. Bg2 Nf6 5. Nc3 d6 6. Nf3 O-O 7. O-O Qe8 8. d5 a5 9. Rb1 Na6 10. Nd4 Bd7 11. b3 Kh8 12. e4 fxe4 13. Nxe4 Nxe4 14. Bxe4 Nc5 15. Bg2 c6 16. Bb2 Rc8 17. Qd2 cxd5 18. cxd5 b5 19. Rbe1 e5 20. dxe6 Nxe6 21. Nxe6 Bxe6 22. Bxg7+ Kxg7 23. Qd4+ Rf6 24. Bd5 Kf7 25. Rxe6 Rxe6 26. Re1 1-0

[Event "70.Prov PD e Monselice"]
[Site "Padova ITA"]
[Date "2010.01.16"]
[Round "3.6"]
[White "Calicchia, Giovanni"]
[Black "Simonetto, Adriano"]
[Result "1/2-1/2"]
[WhiteElo "1886"]
[BlackElo "1491"]
[Annotator "Gabriele Ballarin"]
[PlyCount "121"]
[EventDate "2010.01.15"]
[EventType "swiss"]
[EventCountry "ITA"]

1. e4 e5 2. Nf3 Nc6 3. Bc4 Bc5 4. O-O d6 5. c3 Bg4 6. d3 Nf6 7. a4 a5 8. Nbd2 Be6 9. Bxe6 fxe6 10. Qb3 Qc8 11. Ng5 d5 12. Ndf3 h6 13. Qb5 Bd6 14. Nh3 O-O 15. exd5 exd5 16. Qb3 Kh8 17. Nh4 Ne7 18. Kh1 Qg4 19. Nf3 e4 20. dxe4 Nxe4 21. Nd4 Qh4 22. f3 Ng5 23. Bxg5 hxg5 24. Rae1 g4 25. fxg4 Qxg4 26. Qd1 Rxf1+ 27. Rxf1 Qxd1 28. Rxd1 Rf8 29. Kg1 Nf5 30. Nxf5 Rxf5 31. g3 Bc5+ 32. Kg2 c6 33. Re1 Rf7 34. Re8+ Rf8 35. Rxf8+ Bxf8 36. Nf4 Bd6 37. Ne6 Be7 38. Kf3 Kg8 39. h4 Kf7 40. Nd4 Kf6 41. g4 Ke5 42. g5 c5 43. Ne2 d4 44. cxd4+ cxd4 45. Kg4 d3 46. Nc3 Bb4 47. Nd1 Ke4 48. h5 Bc5 49. h6 gxh6 50. gxh6 Bd4 51. h7 d2 52. Kg3 Kd3 53. Kf3 b6 54. Nf2+ Kc2 55. Ke2 Bxb2 56. Nd1 Bg7 57. Ne3+ Kb3 58. Nd5 Bh8 59. Kxd2 Kxa4 60. Nxb6+ Kb5 61. Nd5 1/2-1/2

[Event "70.Prov PD e Monselice"]
[Site "Padova ITA"]
[Date "2010.01.16"]
[Round "3.7"]
[White "Meggiorin, Orlando"]
[Black "Baybusinov, Izat"]
[Result "0-1"]
[WhiteElo "1826"]
[BlackElo "1467"]
[Annotator "Gabriele Ballarin"]
[PlyCount "104"]
[EventDate "2010.01.15"]
[EventType "swiss"]
[EventCountry "ITA"]

1. e4 e6 2. d4 d5 3. e5 c5 4. c3 Nc6 5. Nf3 Qb6 6. a3 Nge7 7. Bd3 Nf5 8. Bxf5 exf5 9. O-O Be7 10. dxc5 Bxc5 11. b4 Be7 12. Qxd5 Be6 13. Qd2 Rd8 14. Qc2 a5 15. Be3 Qb5 16. a4 Qd5 17. b5 Nxe5 18. Nxe5 Qxe5 19. Bd4 Rxd4 20. cxd4 Qxd4 21. Nd2 O-O 22. Nf3 Qe4 23. Qd2 Bb4 24. Qb2 h6 25. Rad1 Rc8 26. Rd4 Qc2 27. Qxc2 Rxc2 28. Rd8+ Kh7 29. Nd4 Ra2 30. Nxe6 fxe6 31. Rb8 Rxa4 32. Rxb7 Bc3 33. g3 Ra2 34. f4 a4 35. Rb1 a3 36. Rc7 Bd4+ 37. Kh1 Rb2 38. Rcc1 Rxb1 39. Rxb1 a2 40. Rd1 a1=Q 41. Rxa1 Bxa1 42. b6 Bd4 43. b7 Ba7 44. Kg2 g5 45. Kf3 Bb8 46. fxg5 hxg5 47. Ke3 Kg6 48. Kf3 e5 49. h3 e4+ 50. Kg2 Kh5 51. Kf2 g4 52. h4 f4 0-1

[Event "70.Prov PD e Monselice"]
[Site "Padova ITA"]
[Date "2010.01.16"]
[Round "3.8"]
[White "Franco, Alessandro P"]
[Black "Castaldini, Marzia"]
[Result "1-0"]
[WhiteElo "1746"]
[BlackElo "1440"]
[Annotator "Gabriele Ballarin"]
[PlyCount "61"]
[EventDate "2010.01.15"]
[EventType "swiss"]
[EventCountry "ITA"]

1. e4 c6 2. Nc3 d5 3. Nf3 dxe4 4. Nxe4 Bf5 5. Ng3 Bg6 6. d4 Nd7 7. h4 h6 8. Bc4 e6 9. Qe2 Be7 10. Bf4 Ngf6 11. h5 Bh7 12. O-O-O O-O 13. Ne5 Kh8 14. Bd3 Bxd3 15. Rxd3 Qa5 16. a3 Rad8 17. Ne4 c5 18. g4 Nd5 19. Bd2 Qa4 20. g5 f6 21. Ng6+ Kg8 22. gxh6 Rf7 23. Qg4 f5 24. Nxe7+ Nxe7 25. h7+ Kh8 26. Qg5 fxe4 27. Rg3 Rg8 28. hxg8=Q+ Kxg8 29. h6 Kh7 30. hxg7+ Kg8 31. Rh8# 1-0

[Event "70.Prov PD e Monselice"]
[Site "Padova ITA"]
[Date "2010.01.17"]
[Round "4.1"]
[White "Occari, Maurizio"]
[Black "Rosina, Graziano"]
[Result "1/2-1/2"]
[WhiteElo "2034"]
[BlackElo "1827"]
[Annotator "Gabriele Ballarin"]
[PlyCount "105"]
[EventDate "2010.01.15"]
[EventType "swiss"]
[EventCountry "ITA"]

1. e4 e5 2. Nf3 Nf6 3. Nc3 Nc6 4. Bc4 Nxe4 5. Nxe4 d5 6. Bb5 dxe4 7. Nxe5 Qg5 8. d4 Qxg2 9. Rf1 a6 10. Qh5 g6 11. Qg5 Qxg5 12. Bxc6+ bxc6 13. Bxg5 Bd7 14. Bf6 Rg8 15. O-O-O Be7 16. Nxd7 Kxd7 17. Bxe7 Kxe7 18. Rde1 Kd7 19. Rxe4 Rge8 20. Rfe1 Rxe4 21. Rxe4 Re8 22. Rf4 f5 23. Kd2 Ke6 24. Rh4 h5 25. Rh3 Kd5 26. Rg3 Re6 27. Kd3 h4 28. Rg5 Kd6 29. h3 c5 30. f3 cxd4 31. Kxd4 c5+ 32. Kd3 Ke5 33. Kc4 Kf4 34. Rg1 Kxf3 35. Kxc5 Kf2 36. Rg5 f4 37. c4 f3 38. Kd5 Rf6 39. c5 Ke2 40. c6 f2 41. Rg2 Kf3 42. Rxf2+ Kxf2 43. c7 Rf8 44. b4 Kg3 45. a4 Kxh3 46. b5 axb5 47. axb5 Kg2 48. b6 h3 49. b7 h2 50. c8=Q Rxc8 51. bxc8=Q h1=Q 52. Qg4+ Kf2+ 53. Ke5 1/2-1/2

[Event "70.Prov PD e Monselice"]
[Site "Padova ITA"]
[Date "2010.01.17"]
[Round "4.2"]
[White "Biagini, Leonardo"]
[Black "Binder, Andrea"]
[Result "1/2-1/2"]
[WhiteElo "1963"]
[BlackElo "1866"]
[Annotator "Gabriele Ballarin"]
[PlyCount "57"]
[EventDate "2010.01.15"]
[EventType "swiss"]
[EventCountry "ITA"]

1. e4 d6 2. d4 Nf6 3. Nc3 g6 4. h3 Nbd7 5. Be3 c6 6. Be2 Qc7 7. Nf3 Bg7 8. Qd2 b5 9. a3 a6 10. Bh6 O-O 11. Bxg7 Kxg7 12. g4 e5 13. Qe3 Bb7 14. dxe5 dxe5 15. Nd2 Ng8 16. g5 Ne7 17. h4 c5 18. Bf3 Nb6 19. Ne2 c4 20. Bg2 Rad8 21. f4 exf4 22. Nxf4 Na4 23. b3 cxb3 24. cxb3 Qc3 25. Qxc3+ Nxc3 26. Rc1 Rc8 27. Rh3 Na2 28. Ra1 Nc3 29. Rc1 1/2-1/2

[Event "70.Prov PD e Monselice"]
[Site "Padova ITA"]
[Date "2010.01.17"]
[Round "4.3"]
[White "Zanirato, Stefano"]
[Black "Temporin, Alberto"]
[Result "1/2-1/2"]
[WhiteElo "1918"]
[BlackElo "2000"]
[Annotator "Gabriele Ballarin"]
[PlyCount "20"]
[EventDate "2010.01.15"]
[EventType "swiss"]
[EventCountry "ITA"]

1. e4 e5 2. Nf3 Nc6 3. Bc4 Bc5 4. Nc3 Nf6 5. h3 h6 6. d3 d6 7. O-O O-O 8. Bd2 Bd7 9. Nd5 Nxd5 10. Bxd5 a6 1/2-1/2

[Event "70.Prov PD e Monselice"]
[Site "Padova ITA"]
[Date "2010.01.17"]
[Round "4.4"]
[White "Franco, Alessandro P"]
[Black "Scoonhoven, Edgar"]
[Result "0-1"]
[WhiteElo "1746"]
[BlackElo "1859"]
[Annotator "Gabriele Ballarin"]
[PlyCount "54"]
[EventDate "2010.01.15"]
[EventType "swiss"]
[EventCountry "ITA"]

1. e4 c5 2. Nf3 e6 3. d4 cxd4 4. Nxd4 Nc6 5. Nc3 Qc7 6. Bc4 a6 7. Bb3 Nf6 8. Bg5 Nxe4 9. Nxe4 Qe5 10. O-O Qxd4 11. Qf3 Be7 12. Rad1 Qxb2 13. Bxe7 Kxe7 14. Nd6 Qf6 15. Qd3 Rd8 16. Rfe1 g6 17. Re3 Qg7 18. Rf3 Ne5 19. Nxc8+ Raxc8 20. Qd6+ Ke8 21. Re3 Nc4 22. Bxc4 Rxc4 23. Qd3 b5 24. Qd6 Rc6 25. Qd3 Kf8 26. Qa3+ Kg8 27. Qa5 Rdc8 0-1

[Event "70.Prov PD e Monselice"]
[Site "Padova ITA"]
[Date "2010.01.17"]
[Round "4.5"]
[White "Baybusinov, Izat"]
[Black "Fracasso Pezzolato, Michele"]
[Result "0-1"]
[WhiteElo "1467"]
[BlackElo "1789"]
[Annotator "Gabriele Ballarin"]
[PlyCount "52"]
[EventDate "2010.01.15"]
[EventType "swiss"]
[EventCountry "ITA"]

1. e4 c5 2. Nf3 d6 3. d4 cxd4 4. Nxd4 Nf6 5. Nc3 a6 6. Bg5 e6 7. f4 Be7 8. Qd2 Qc7 9. O-O-O Nbd7 10. g4 b5 11. Bd3 Nc5 12. Qe2 b4 13. Nb1 Bb7 14. Nd2 O-O 15. Rhg1 Rfc8 16. f5 e5 17. N4b3 Nxd3+ 18. Qxd3 a5 19. Bxf6 gxf6 20. Rg3 d5 21. g5 fxg5 22. h4 Ba6 23. c4 dxc4 24. Qe3 cxb3+ 25. Kb1 Qc2+ 26. Ka1 Qxd1+ 0-1

[Event "70.Prov PD e Monselice"]
[Site "Padova ITA"]
[Date "2010.01.17"]
[Round "4.6"]
[White "Cesaro, Samuele"]
[Black "Calicchia, Giovanni"]
[Result "0-1"]
[WhiteElo "1350"]
[BlackElo "1886"]
[Annotator "Gabriele Ballarin"]
[PlyCount "98"]
[EventDate "2010.01.15"]
[EventType "swiss"]
[EventCountry "ITA"]

1. d4 d5 2. c4 e6 3. Bf4 Nf6 4. Nc3 c6 5. e3 Be7 6. Bd3 Nbd7 7. Nh3 dxc4 8. Bxc4 b5 9. Bd3 a6 10. g4 Bb7 11. e4 c5 12. g5 cxd4 13. gxf6 Nxf6 14. Qb3 dxc3 15. O-O-O cxb2+ 16. Kxb2 Qd4+ 17. Kb1 Qb4 18. f3 Qxb3+ 19. axb3 O-O 20. Ng5 h6 21. h4 Nh5 22. Bc1 hxg5 23. hxg5 g6 24. Rdg1 Rfd8 25. Bc2 Bc5 26. Rg4 e5 27. Rf1 Bc8 28. Rh4 Be6 29. f4 exf4 30. Bxf4 Nxf4 31. Rhxf4 Be3 32. Rf6 Bxg5 33. e5 Bxf6 34. Rxf6 Rd5 35. Bxg6 Rxe5 36. Bc2 Kf8 37. Rh6 Ke7 38. Kb2 a5 39. Rh4 Re2 40. Re4 Rxe4 41. Bxe4 Rd8 42. Kc3 Kd6 43. Kb2 Kc5 44. Ka3 Rd4 45. Bc2 f5 46. Bb1 f4 47. Ba2 Rb4 48. Kb2 f3 49. Kc3 f2 0-1

[Event "70.Prov PD e Monselice"]
[Site "Padova ITA"]
[Date "2010.01.17"]
[Round "4.7"]
[White "De Marchi, Alessandro"]
[Black "Simonetto, Adriano"]
[Result "1/2-1/2"]
[WhiteElo "1630"]
[BlackElo "1491"]
[Annotator "Gabriele Ballarin"]
[PlyCount "93"]
[EventDate "2010.01.15"]
[EventType "swiss"]
[EventCountry "ITA"]

1. d4 d5 2. Nf3 Nc6 3. g3 b6 4. Bg2 Bb7 5. O-O e6 6. Nbd2 Nf6 7. b3 Bd6 8. Bb2 O-O 9. c4 Ne7 10. cxd5 Bxd5 11. Qc2 Nd7 12. e4 Bb7 13. e5 Bb4 14. Rac1 Bxd2 15. Nxd2 Bxg2 16. Kxg2 Nd5 17. Ba3 Re8 18. Nc4 b5 19. Ne3 N7b6 20. Bc5 Nxe3+ 21. fxe3 Nd5 22. Qf2 f5 23. exf6 Nxf6 24. Qf3 Qd5 25. Qxd5 exd5 26. Rf3 a5 27. Ba3 b4 28. Bb2 Re7 29. Rc5 a4 30. Bc1 axb3 31. axb3 Ra2+ 32. Kh3 Rd7 33. Rf5 Ne4 34. Rcxd5 Rxd5 35. Rxd5 Nf2+ 36. Kh4 Nd3 37. Rd8+ Kf7 38. Rd7+ Kg6 39. Rxc7 Rxh2+ 40. Kg4 Nxc1 41. Rxc1 h5+ 42. Kf3 Rb2 43. Rc6+ Kf7 44. Rc5 g6 45. Rc7+ Kf6 46. Rc6+ Kf7 47. Rc7+ 1/2-1/2

[Event "70.Prov PD e Monselice"]
[Site "Padova ITA"]
[Date "2010.01.17"]
[Round "4.8"]
[White "Castaldini, Marzia"]
[Black "Meggiorin, Orlando"]
[Result "0-1"]
[WhiteElo "1440"]
[BlackElo "1826"]
[Annotator "Gabriele Ballarin"]
[PlyCount "61"]
[EventDate "2010.01.15"]
[EventType "swiss"]
[EventCountry "ITA"]

1. e4 e6 2. Nc3 d5 3. d4 Bb4 4. Bd2 Bxc3 5. Bxc3 Nf6 6. e5 Ne4 7. Ne2 c5 8. f3 Nxc3 9. Nxc3 cxd4 10. Qxd4 Nc6 11. Bb5 Bd7 12. Bxc6 Bxc6 13. O-O-O f6 14. g4 h5 15. h3 a6 16. Kb1 Qc7 17. f4 O-O-O 18. Rhf1 hxg4 19. hxg4 Rh4 20. Rg1 Kb8 21. Qf2 Rdh8 22. Qc5 Rh2 23. Qd6 Rf2 24. Rdf1 Rxf1+ 25. Rxf1 Rh4 26. Qxc7+ Kxc7 27. Rg1 Rh2 28. b3 d4 29. Nd1 Be4 30. Kc1 Rxc2+ 31. Kb1 0-1

[Event "70.Prov PD e Monselice"]
[Site "Padova ITA"]
[Date "2010.01.17"]
[Round "5.1"]
[White "Scoonhoven, Edgar"]
[Black "Biagini, Leonardo"]
[Result "1/2-1/2"]
[WhiteElo "1859"]
[BlackElo "1963"]
[Annotator "Gabriele Ballarin"]
[PlyCount "46"]
[EventDate "2010.01.15"]
[EventType "swiss"]
[EventCountry "ITA"]

1. d4 d5 2. Nf3 Nf6 3. e3 e6 4. Bd3 c5 5. c3 Nc6 6. Nbd2 Bd6 7. O-O O-O 8. dxc5 Bxc5 9. e4 dxe4 10. Nxe4 Nxe4 11. Bxe4 Qxd1 12. Rxd1 Rd8 13. Bf4 Bb6 14. Bd6 Bd7 15. Rd2 f6 16. Rad1 Be8 17. b4 Rac8 18. c4 a6 19. a3 Bc7 20. c5 f5 21. Bb1 h6 22. h4 g6 23. Ba2 Kf7 1/2-1/2

[Event "70.Prov PD e Monselice"]
[Site "Padova ITA"]
[Date "2010.01.17"]
[Round "5.2"]
[White "Binder, Andrea"]
[Black "Rosina, Graziano"]
[Result "1/2-1/2"]
[WhiteElo "1866"]
[BlackElo "1827"]
[Annotator "Gabriele Ballarin"]
[PlyCount "89"]
[EventDate "2010.01.15"]
[EventType "swiss"]
[EventCountry "ITA"]

1. Nf3 Nf6 2. g3 c5 3. Bg2 Nc6 4. d3 g6 5. O-O Bg7 6. e4 d6 7. c3 O-O 8. Re1 Rb8 9. h3 b5 10. d4 Nd7 11. Bf4 e5 12. Bg5 Bf6 13. d5 Na5 14. Bxf6 Qxf6 15. b3 c4 16. b4 Nb7 17. a4 a6 18. axb5 axb5 19. Na3 Nd8 20. Qd2 Qe7 21. Qe3 Nb6 22. Nxb5 Nxd5 23. exd5 Rxb5 24. Nd2 Qc7 25. Ra7 Bb7 26. Nxc4 Qxc4 27. Bf1 Qxd5 28. f3 Qc6 29. Bxb5 Qxb5 30. Rd1 Nc6 31. Ra2 d5 32. Rad2 d4 33. Qd3 Qxd3 34. Rxd3 dxc3 35. Rxc3 Nd4 36. Kf2 Ba6 37. Rc5 f6 38. Ra1 Nb3 39. Rxa6 Nxc5 40. bxc5 Kf7 41. Ra7+ Ke6 42. Rxh7 Rc8 43. Rg7 g5 44. Ra7 Rxc5 45. Ra6+ 1/2-1/2